000 00563nam a22001695i 4500
001 162218
003 ES-MaACL
005 20250730063143.0
008 041103s1876 sp |||| | spa d
040 _aCAM
_bspa
_cCAM
100 1 _aPizcueta, Félix,
_d1837-1890
_992456
245 1 0 _aEn la maroma
_b: historia de una volatinera /
_cFelix Pizcueta.
260 _aValencia :
_b[s.n.],
_c1876 (
_fImprenta de El Mercantil)
300 _a373 p. ;
_c23 cm.
852 _aES-MaACL
_jG-15792
_z-- Rust.
_z-- Legado M. de La Fuente
999 _c162218
_d162218